<?xml version="1.0" encoding="UTF-8"?>
<collection xmlns="http://www.loc.gov/MARC21/slim">
 <record>
  <leader>02061nam a22002537a 4500</leader>
  <controlfield tag="001">NCT_38498</controlfield>
  <controlfield tag="008">180601b        xxu||||| |||| 00| 0 vie d</controlfield>
  <datafield tag="999" ind1=" " ind2=" ">
   <subfield code="c">1859</subfield>
   <subfield code="d">1859</subfield>
  </datafield>
  <datafield tag="020" ind1=" " ind2=" ">
   <subfield code="c">38000</subfield>
  </datafield>
  <datafield tag="082" ind1="0" ind2="4">
   <subfield code="2">23rd ed.</subfield>
   <subfield code="a">725.4</subfield>
   <subfield code="b">N.104</subfield>
  </datafield>
  <datafield tag="100" ind1="1" ind2=" ">
   <subfield code="a">Nguyễn Nam</subfield>
  </datafield>
  <datafield tag="245" ind1="1" ind2="0">
   <subfield code="a">Bố cục kiến trúc công trình công nghiệp</subfield>
   <subfield code="c">Nguyễn Nam</subfield>
  </datafield>
  <datafield tag="250" ind1=" " ind2=" ">
   <subfield code="a">Tái bản</subfield>
  </datafield>
  <datafield tag="260" ind1=" " ind2=" ">
   <subfield code="a">H.</subfield>
   <subfield code="b">Nhà xuất bản xây dựng</subfield>
   <subfield code="c">2011</subfield>
  </datafield>
  <datafield tag="300" ind1=" " ind2=" ">
   <subfield code="a">117 tr.</subfield>
   <subfield code="b">Mô tả</subfield>
   <subfield code="c">24 cm</subfield>
  </datafield>
  <datafield tag="500" ind1=" " ind2=" ">
   <subfield code="a">DTS ghi: Trường đại học xây dựng</subfield>
  </datafield>
  <datafield tag="520" ind1="3" ind2=" ">
   <subfield code="a">Cuốn sách &quot;Bố Cục Kiến Trúc Công Trình Công Nghiệp&quot; được biên soạn nhằm tìm kiếm một số giải pháp tổ chức kiến trúc quy hoạch, có khả năng thích hợp với các đặc điểm riêng của các công trình công nghiệp, góp phần nâng cao chất lượng thẩm mĩ của các công trình xây dựng; đồng thời đem lại tính bản sắc và nét nhân văn đối với các công trình kiến trúc công nghiệp được xây dựng, đáp ứng yêu cầu ngày càng cao của người lao động. Xin trân trọng giới thiệu cuốn sách cùng các bạn</subfield>
  </datafield>
  <datafield tag="653" ind1=" " ind2=" ">
   <subfield code="a">Xây dựng</subfield>
  </datafield>
  <datafield tag="942" ind1=" " ind2=" ">
   <subfield code="2">ddc</subfield>
   <subfield code="c">BK</subfield>
  </datafield>
  <datafield tag="952" ind1=" " ind2=" ">
   <subfield code="0">0</subfield>
   <subfield code="1">0</subfield>
   <subfield code="2">ddc</subfield>
   <subfield code="4">0</subfield>
   <subfield code="6">725_400000000000000_N_104</subfield>
   <subfield code="7">0</subfield>
   <subfield code="9">9385</subfield>
   <subfield code="a">000001</subfield>
   <subfield code="b">000001</subfield>
   <subfield code="d">2018-06-01</subfield>
   <subfield code="o">725.4 N.104</subfield>
   <subfield code="p">MD.08824</subfield>
   <subfield code="r">2018-06-01</subfield>
   <subfield code="v">38000.00</subfield>
   <subfield code="w">2018-06-01</subfield>
   <subfield code="y">BK</subfield>
  </datafield>
  <datafield tag="952" ind1=" " ind2=" ">
   <subfield code="0">0</subfield>
   <subfield code="1">0</subfield>
   <subfield code="2">ddc</subfield>
   <subfield code="4">0</subfield>
   <subfield code="6">725_400000000000000_N_104</subfield>
   <subfield code="7">0</subfield>
   <subfield code="9">9386</subfield>
   <subfield code="a">000001</subfield>
   <subfield code="b">000001</subfield>
   <subfield code="d">2018-06-01</subfield>
   <subfield code="o">725.4 N.104</subfield>
   <subfield code="p">MD.08825</subfield>
   <subfield code="r">2018-06-01</subfield>
   <subfield code="v">38000.00</subfield>
   <subfield code="w">2018-06-01</subfield>
   <subfield code="y">BK</subfield>
  </datafield>
  <datafield tag="952" ind1=" " ind2=" ">
   <subfield code="0">0</subfield>
   <subfield code="1">0</subfield>
   <subfield code="2">ddc</subfield>
   <subfield code="4">0</subfield>
   <subfield code="6">725_400000000000000_N_104</subfield>
   <subfield code="7">0</subfield>
   <subfield code="9">9387</subfield>
   <subfield code="a">000001</subfield>
   <subfield code="b">000001</subfield>
   <subfield code="d">2018-06-01</subfield>
   <subfield code="l">1</subfield>
   <subfield code="o">725.4 N.104</subfield>
   <subfield code="p">MD.08826</subfield>
   <subfield code="r">2019-08-28</subfield>
   <subfield code="s">2019-08-13</subfield>
   <subfield code="v">38000.00</subfield>
   <subfield code="w">2018-06-01</subfield>
   <subfield code="y">BK</subfield>
  </datafield>
  <datafield tag="952" ind1=" " ind2=" ">
   <subfield code="0">0</subfield>
   <subfield code="1">0</subfield>
   <subfield code="2">ddc</subfield>
   <subfield code="4">0</subfield>
   <subfield code="6">725_400000000000000_N_104</subfield>
   <subfield code="7">0</subfield>
   <subfield code="9">9388</subfield>
   <subfield code="a">000001</subfield>
   <subfield code="b">000001</subfield>
   <subfield code="d">2018-06-01</subfield>
   <subfield code="l">1</subfield>
   <subfield code="o">725.4 N.104</subfield>
   <subfield code="p">MD.08827</subfield>
   <subfield code="r">2019-08-28</subfield>
   <subfield code="s">2019-08-13</subfield>
   <subfield code="v">38000.00</subfield>
   <subfield code="w">2018-06-01</subfield>
   <subfield code="y">BK</subfield>
  </datafield>
  <datafield tag="980" ind1=" " ind2=" ">
   <subfield code="a">Thư viện Trường Đại học Nam Cần Thơ</subfield>
  </datafield>
 </record>
</collection>
